[Event "EU-chT (Men) 16th"]
[Site "Heraklio"]
[Date "2007.10.30"]
[Round "3.3"]
[White "Gashimov, Vugar"]
[Black "Schandorff, Lars"]
[Result "1/2-1/2"]
[WhiteElo "2664"]
[BlackElo "2520"]
[PlyCount "129"]
[EventDate "2007.10.28"]
[EventType "team-swiss"]
[EventRounds "9"]
[EventCountry "GRE"]
[SourceTitle "CBM 121"]
[Source "ChessBase"]
[SourceDate "2007.11.14"]
[SourceVersion "1"]
[SourceVersionDate "2007.11.14"]
[SourceQuality "1"]
[WhiteTeam "Azerbaijan"]
[BlackTeam "Denmark"]
[WhiteTeamCountry "AZE"]
[BlackTeamCountry "DEN"]

1. e4 e5 2. Nf3 Nc6 3. Bb5 a6 4. Ba4 Nf6 5. O-O Be7 6. Re1 b5 7. Bb3 d6 8. c3
O-O 9. h3 Na5 10. Bc2 c5 11. d4 Nd7 12. Nbd2 exd4 13. cxd4 Nc6 14. d5 Nce5 15.
a4 Rb8 16. Nxe5 Nxe5 17. axb5 axb5 18. f4 Ng6 19. Nf3 Bh4 20. Rf1 Bg3 21. f5
Ne5 22. Ng5 Nd7 23. e5 Bxe5 24. Nxh7 Qh4 25. Nxf8 Kxf8 26. Qf3 Nf6 27. Bf4 Bxf4
28. Qxf4 Qxf4 29. Rxf4 Nxd5 30. Rh4 Kg8 31. Kf2 Ne7 32. Rf4 Nd5 33. Rf3 Nb4 34.
Bb1 Bb7 35. Re3 Kf8 36. h4 d5 37. f6 d4 38. Rg3 gxf6 39. h5 d3 40. h6 Be4 41.
Ke3 Bg6 42. Kd2 Kg8 43. Ra7 Kh7 44. Rh3 c4 45. Rd7 Nc6 46. Rd6 Ne5 47. Rh1 b4
48. Rd4 Rc8 49. Rc1 c3+ 50. bxc3 Nc4+ 51. Rxc4 Rxc4 52. Bxd3 Bxd3 53. Kxd3
Rxc3+ 54. Rxc3 bxc3 55. Kxc3 Kxh6 56. Kd4 Kg5 57. Kd5 f5 58. Kd6 f4 59. Ke5 Kg4
60. Kf6 Kh4 61. Kf5 Kg3 62. Kg5 f6+ 63. Kf5 f3 64. gxf3 Kxf3 65. Kxf6 1/2-1/2